[Event "POL-ch U14 Girls"]
[Site "Suwalki"]
[Date "2015.04.11"]
[Round "6"]
[White "Kedzia, Natalia"]
[Black "Lukaszewska, Magdalena"]
[Result "1-0"]
[WhiteElo "1056"]
[BlackElo "1249"]
[PlyCount "69"]
[EventDate "2015.04.08"]
[EventType "swiss"]
[EventRounds "9"]
[EventCountry "POL"]
[SourceTitle "EXT 2017"]
[Source "ChessBase"]
[SourceDate "2016.10.25"]
[SourceVersion "1"]
[SourceVersionDate "2016.10.25"]
[SourceQuality "1"]

1. e4 c5 2. Nf3 Nc6 3. d4 cxd4 4. Nxd4 Qb6 5. Nxc6 dxc6 6. Nc3 e5 7. Bc4 Nf6 8. 0-0 Bg4 9. Qd3 Qc7 10. f3 Bh5 11. Be3 Rd8 12. Qe2 a6 13. Rad1 Be7 14. Rxd8+ Bxd8 15. Rd1 0-0 16. Qf2 Kh8 17. Ne2 b5 18. Bb3 Re8 19. Ng3 Bg6 20. Nf5 Bxf5 21. exf5 Re7 22. Qh4 Rd7 23. Re1 Nd5 24. Qe4 Qa5 25. c3 Nxe3 26. Qxc6 Re7 27. f6 h6 28. fxe7 Bxe7 29. Rxe3 Bd8 30. Qe8+ Kh7 31. Bc2+ g6 32. Qxf7+ Kh8 33. Qxg6 Qc7 34. Qxh6+ Kg8 35. Bb3+ 1-0

[Event "POL Olympiad U12 Girls"]
[Site "Spala"]
[Date "2014.12.30"]
[Round "3.16"]
[White "Wojciechowska, Martyna"]
[Black "Lukaszewska, Magdalena"]
[Result "0-1"]
[WhiteElo "1280"]
[BlackElo "1190"]
[PlyCount "88"]
[EventDate "2014.04.06"]
[EventType "swiss"]
[EventRounds "9"]
[EventCountry "POL"]
[SourceTitle "EXT 2023"]
[Source "ChessBase"]
[SourceDate "2022.10.05"]
[SourceVersion "1"]
[SourceVersionDate "2022.10.05"]
[SourceQuality "1"]

1. d4 c5 2. dxc5 e6 3. b4 a5 4. c3 axb4 5. cxb4 Qf6 6. Nc3 Qxc3+ 7. Bd2 Qa3 8. Qb1 Be7 9. Nf3 Bf6 10. e3 Bxa1 11. Qxa1 Nf6 12. Bc4 b5 13. cxb6 d5 14. Bb5+ Bd7 15. Bxd7+ Nbxd7 16. b7 Rb8 17. 0-0 Rxb7 18. Rc1 Qa8 19. Rc2 Rb8 20. a4 Rc8 21. Rb2 Nb6 22. Ne5 Qxa4 23. Qxa4+ Nxa4 24. Ra2 Nb6 25. Kf1 Ra8 26. Rc2 0-0 27. Rc6 Nbd7 28. Nd3 Rac8 29. Ra6 Ra8 30. Rc6 Rfc8 31. Rxc8+ Rxc8 32. Ke2 Rc2 33. f3 Nb6 34. Kd1 Ra2 35. Nc1 Ra1 36. Bc3 Ra3 37. Kc2 Nc4 38. b5 Nxe3+ 39. Kb2 Nc4+ 40. Kc2 Nd7 41. h4 e5 42. g4 d4 43. Bb2 Nxb2 44. Kxb2 Rxf3 0-1